000 00250nam a2200109Ia 4500
005 20251222153640.0
008 251222s9999||||xx |||||||||||||| ||spa||
082 _a869.56/A32
100 _a"Aguirre Lynch, Andrés"
245 0 _aRapsodia
942 _cLIB
999 _c32708
_d32708